00998nam a22001457a 4500003000400000005001700004008004100021020001800062040001000080100003000090245005800120260004000178300001100218520062300229OSt20240220133447.0240220s2008 ag ||||| |||| 00| 0 spa d a9789508602091 cbesoc aLeiva, Maria Lujaneautor aEl Derecho a la verdad.b Turquía, Armenios, Kurdos aBuenos Aires:bDesde La Gentec2008 a112 p. aLos genocidios y la eliminación de sectores de una población, por razones religiosas, raciales, étnicas, políticas, económicas, etc., no son eventualidades sin explicación. Este libro es una indagación de la compleja realidad, de distintas responsabilidades en la cuestión armenio y Kurda. Es también un homenaje a las resistencias de turcos, armenos y kurdos antes los embates de la barbarie y la injustica. En Argentina se logro que el 24 de Abril se instale como el "Dia de Acción por la tolerancia y el Respeto entre los pueblos" en conmemoración del genocidios sufrido por el pueblo armenio.